[Event "TUR-chT 1st League"]
[Site "Konya"]
[Date "2019.07.23"]
[Round "3.9"]
[White "Aydin, Hasan Bora"]
[Black "Ikis, Melih Firat"]
[Result "1/2-1/2"]
[WhiteElo "1940"]
[BlackElo "1938"]
[PlyCount "60"]
[EventDate "2019.07.22"]
[EventType "team-swiss"]
[EventRounds "9"]
[EventCountry "TUR"]
[SourceTitle "CBM 191 Extra"]
[Source "ChessBase"]
[SourceDate "2019.09.30"]
[SourceVersion "1"]
[SourceVersionDate "2019.09.30"]
[SourceQuality "1"]
[WhiteTeam "Bogazici Universitesi"]
[BlackTeam "Aydin Egitim Merkezi"]
[WhiteTeamCountry "TUR"]
[BlackTeamCountry "TUR"]

1. e4 c5 2. Nf3 g6 3. d4 cxd4 4. Qxd4 Nf6 5. Nc3 Nc6 6. Qa4 d6 7. e5 dxe5 8. Nxe5 Bd7 9. Nxd7 Qxd7 10. Be3 Bg7 11. Bb5 0-0 12. Bxc6 Qxc6 13. Qxc6 bxc6 14. h3 Rfd8 15. Rd1 a6 16. Ke2 Kf8 17. Rxd8+ Rxd8 18. Rd1 Ke8 19. Rxd8+ Kxd8 20. Bd4 Ne8 21. Bxg7 Nxg7 22. Kd3 Ne6 23. g3 Kd7 24. Ne4 f5 25. Nd2 Kd6 26. Nc4+ Kd5 27. Ne3+ Kd6 28. Nc4+ Kd5 29. Ne3+ Kd6 30. Nc4+ Kd5 1/2-1/2

[Event "TUR-chT 1st League"]
[Site "Konya"]
[Date "2019.07.22"]
[Round "1.6"]
[White "Ikis, Melih Firat"]
[Black "Ataman, Alper Efe"]
[Result "1/2-1/2"]
[WhiteElo "1938"]
[BlackElo "2190"]
[PlyCount "93"]
[EventDate "2019.07.22"]
[EventType "team-swiss"]
[EventRounds "9"]
[EventCountry "TUR"]
[SourceTitle "CBM 191 Extra"]
[Source "ChessBase"]
[SourceDate "2019.09.30"]
[SourceVersion "1"]
[SourceVersionDate "2019.09.30"]
[SourceQuality "1"]
[WhiteTeam "Aydin Egitim Merkezi"]
[BlackTeam "Bulancak Ihsaniye Genclik"]
[WhiteTeamCountry "TUR"]
[BlackTeamCountry "TUR"]

1. c4 Nf6 2. Nc3 e5 3. g3 g6 4. Bg2 Bg7 5. e3 0-0 6. Nge2 d6 7. 0-0 Nbd7 8. b4 a5 9. b5 e4 10. Rb1 Re8 11. Qc2 Nc5 12. Nd4 Qe7 13. f3 exf3 14. Bxf3 Bh3 15. Re1 h5 16. Bb2 h4 17. Nce2 Nfe4 18. Bg2 Bxg2 19. Kxg2 Be5 20. Nf3 Qf6 21. Rf1 Bxb2 22. Qxb2 Qxb2 23. Rxb2 Nd3 24. Rc2 hxg3 25. Nxg3 Kg7 26. Ne1 Ndc5 27. Rf4 f5 28. Nf1 Ne6 29. Rf3 Rh8 30. d3 N4c5 31. Rd2 Rh5 32. Rh3 Rxh3 33. Kxh3 g5 34. Kg2 Kg6 35. Ng3 f4 36. exf4 Nxf4+ 37. Kf1 Re8 38. Ng2 Ncxd3 39. Nxf4+ Nxf4 40. Kf2 Re5 41. Rd4 Re7 42. b6 Rf7 43. bxc7 Ne6+ 44. Ke3 Rxc7 45. Rxd6 Kf6 46. Ne4+ Ke7 47. Rb6 1/2-1/2

[Event "TUR-chT 1st League"]
[Site "Konya"]
[Date "2017.07.22"]
[Round "8.9"]
[White "Molla, Ersen"]
[Black "Ikis, Melih Firat"]
[Result "1/2-1/2"]
[WhiteElo "1847"]
[BlackElo "1916"]
[PlyCount "60"]
[EventDate "2017.07.17"]
[EventType "team-swiss"]
[EventRounds "9"]
[EventCountry "TUR"]
[SourceTitle "CBM 179 Extra"]
[Source "ChessBase"]
[SourceDate "2017.08.23"]
[SourceVersion "1"]
[SourceVersionDate "2017.08.23"]
[SourceQuality "1"]
[WhiteTeam "Karsiyaka Ihtisas"]
[BlackTeam "Aydin Egitim Merkezi"]
[WhiteTeamCountry "TUR"]
[BlackTeamCountry "TUR"]

1. c4 Nf6 2. g3 g6 3. Bg2 d5 4. Nf3 Bg7 5. 0-0 0-0 6. cxd5 Nxd5 7. Nc3 c5 8. Nxd5 Qxd5 9. d3 Nc6 10. Be3 Qd6 11. Nd2 b6 12. Nc4 Qd7 13. a4 Bb7 14. a5 Nb4 15. Bxb7 Qxb7 16. Qb3 Rfc8 17. Bd2 Nc6 18. Bc3 b5 19. a6 Qb8 20. Na5 b4 21. Bxg7 Kxg7 22. Qd5 Nxa5 23. Rxa5 Qd6 24. Qc4 Rc6 25. Rfa1 Rac8 26. b3 e6 27. Qb5 Rb6 28. Qc4 Rbc6 29. Qb5 Rb6 30. Qc4 Rbc6 1/2-1/2

[Event "TUR-chT 1st League"]
[Site "Konya"]
[Date "2017.07.20"]
[Round "6.5"]
[White "Komut, Kaan"]
[Black "Ikis, Melih Firat"]
[Result "1/2-1/2"]
[WhiteElo "1946"]
[BlackElo "1916"]
[PlyCount "105"]
[EventDate "2017.07.17"]
[EventType "team-swiss"]
[EventRounds "9"]
[EventCountry "TUR"]
[SourceTitle "CBM 179 Extra"]
[Source "ChessBase"]
[SourceDate "2017.08.23"]
[SourceVersion "1"]
[SourceVersionDate "2017.08.23"]
[SourceQuality "1"]
[WhiteTeam "Pamukkale Universiteli"]
[BlackTeam "Aydin Egitim Merkezi"]
[WhiteTeamCountry "TUR"]
[BlackTeamCountry "TUR"]

1. e4 c5 2. d4 cxd4 3. c3 dxc3 4. Nxc3 Nc6 5. Nf3 e6 6. Bd3 a6 7. 0-0 Nge7 8. h4 Ng6 9. h5 Nge5 10. Nxe5 Nxe5 11. Bf4 Qf6 12. Bxe5 Qxe5 13. g3 Bc5 14. Kg2 b5 15. f4 Qd4 16. Qe2 Qe3 17. Qxe3 Bxe3 18. e5 Bd4 19. Be4 Rb8 20. Rfd1 Bxc3 21. bxc3 Bb7 22. Bxb7 Rxb7 23. Rd6 Ra7 24. h6 gxh6 25. Rh1 Ke7 26. Rxh6 Rc7 27. Rxa6 Rxc3 28. Ra5 b4 29. Ra4 Rg8 30. Rh3 b3 31. axb3 Rxb3 32. Ra2 h5 33. Kf2 Rg4 34. Ra4 h4 35. Rxh4 Rgxg3 36. Re4 Rbf3+ 37. Ke2 Ra3 38. Kf2 Rgf3+ 39. Kg2 Rfe3 40. Rxe3 Rxe3 41. Kf2 Rd3 42. Ke2 Rd5 43. Ke3 d6 44. exd6+ Rxd6 45. Rh5 Rd5 46. Rh1 Ra5 47. Rb1 f5 48. Rb3 Kd6 49. Kf3 Ra4 50. Rd3+ Ke7 51. Rb3 Kf6 52. Rc3 Ra1 53. Re3 1/2-1/2

[Event "TUR-chT 1st League"]
[Site "Konya"]
[Date "2017.07.18"]
[Round "3.5"]
[White "Ozdover, Mustafa Berkay"]
[Black "Ikis, Melih Firat"]
[Result "1/2-1/2"]
[WhiteElo "2120"]
[BlackElo "1916"]
[PlyCount "68"]
[EventDate "2017.07.17"]
[EventType "team-swiss"]
[EventRounds "9"]
[EventCountry "TUR"]
[SourceTitle "CBM 179 Extra"]
[Source "ChessBase"]
[SourceDate "2017.08.23"]
[SourceVersion "1"]
[SourceVersionDate "2017.08.23"]
[SourceQuality "1"]
[WhiteTeam "Ankara Dernegi"]
[BlackTeam "Aydin Egitim Merkezi"]
[WhiteTeamCountry "TUR"]
[BlackTeamCountry "TUR"]

1. d4 Nf6 2. c4 g6 3. Nc3 d5 4. cxd5 Nxd5 5. e4 Nxc3 6. bxc3 Bg7 7. Nf3 c5 8. Rb1 0-0 9. Be2 b6 10. 0-0 Bb7 11. Qd3 Ba6 12. Qe3 Bxe2 13. Qxe2 Qc7 14. Bg5 Re8 15. Rfe1 Nd7 16. e5 e6 17. Qe3 Rac8 18. Rbd1 cxd4 19. cxd4 b5 20. Nd2 f6 21. exf6 Nxf6 22. Bxf6 Bxf6 23. Ne4 Bg7 24. Qb3 Qc6 25. Nc5 Qd5 26. Nxe6 Qxb3 27. axb3 Bf6 28. d5 Kf7 29. Re3 a5 30. g3 a4 31. bxa4 bxa4 32. Nd4 Rxe3 33. fxe3 Rc4 34. Nb5 Rb4 1/2-1/2

[Event "TUR-ch"]
[Site "Kemer"]
[Date "2011.02.06"]
[Round "2"]
[White "Ikis, Melih Firat"]
[Black "Celebi, Orhan"]
[Result "1/2-1/2"]
[WhiteElo "1845"]
[BlackElo "1944"]
[PlyCount "56"]
[EventDate "2011.02.05"]
[EventType "swiss"]
[EventRounds "10"]
[EventCountry "TUR"]
[SourceTitle "CBM 140 Extra"]
[Source "ChessBase"]
[SourceDate "2011.03.01"]
[SourceVersion "1"]
[SourceVersionDate "2011.03.01"]
[SourceQuality "1"]

1. c4 e6 2. d4 d5 3. Nf3 Nf6 4. g3 c5 5. cxd5 exd5 6. Bg2 Nc6 7. 0-0 Be7 8. Nc3 0-0 9. dxc5 Bxc5 10. Bg5 Be7 11. Nd4 h6 12. Bf4 a6 13. Rc1 Nxd4 14. Qxd4 Be6 15. Rfd1 Rc8 16. Nxd5 Bxd5 17. Rxc8 Qxc8 18. Bxd5 Nxd5 19. Qxd5 Bf6 20. Qb3 b5 21. e4 Re8 22. f3 Rd8 23. Rxd8+ Qxd8 24. Be3 Qe7 25. Qc2 Qb4 26. Qc8+ Kh7 27. Qf5+ Kg8 28. Qc8+ Kh7 1/2-1/2